00674cam a22002171 450000100060000000300080000600500170001400800410003103500190007203500180009104000390010904100080014808200220015610000490017824500580022725000120028526000400029730000340033765000410037165100440041225144BD-RjUL20211209050834.0140316s1947 nyub 000 0 eng d a(BD-RjUL)25213 a(OCoLC)253549 aDLCcOAUdOCoLCdDLCdBD-RjULbeng aeng00a943.086bWAG 19471 aWarburg, James P.q(James Paul),d1896-1969.10aGermany--bridge or battleground /cJames P. Warburg,  a1st ed. aNew York :bHarcourt, Brace,cc1947 axi, 386 p. :bmaps. ;c21 cm. 0aReconstruction (1939-1951)zGermany. 0aGermanyxPolitics and governmenty1945-